=LDR 00000nam 2200000 4500 =001 INLIS000000000013740 =005 20130612105102 =008 ***********************************Ind** =035 ##$$0010-061300000013740 =041 ##$$a Ind =082 ##$$a 641.65 =090 ##$$a 641.65, Sut p =100 ##$$a Sutrisno, Indira =245 ##$$a Pesona rasa ( food combining ), Sup ayam pedas, Indira Sutrisno =260 ##$$a 2003 $b Jakarta =300 ##$$a 96 hlm, Ilus, 24 cm =650 ##$$a Masakan ( sayuran ) =850 ##$$a NBPNMAT